<?xml version="1.0" encoding="UTF-8"?>
<record
    xmlns:xsi="http://www.w3.org/2001/XMLSchema-instance"
    xsi:schemaLocation="http://www.loc.gov/MARC21/slim http://www.loc.gov/standards/marcxml/schema/MARC21slim.xsd"
    xmlns="http://www.loc.gov/MARC21/slim">

  <leader>01789nas a2200277Ia 4500</leader>
  <controlfield tag="001">R050-R9734</controlfield>
  <controlfield tag="003">IT-CnALBA</controlfield>
  <controlfield tag="008">170116c99999999xx ||||||||||||   ||und||</controlfield>
  <datafield tag="040" ind1=" " ind2=" ">
    <subfield code="a">IT-CnALBA</subfield>
    <subfield code="c">IT-CnALBA</subfield>
  </datafield>
  <datafield tag="041" ind1=" " ind2=" ">
    <subfield code="a">ITALIANO</subfield>
  </datafield>
  <datafield tag="100" ind1=" " ind2=" ">
    <subfield code="a">BERSANI STEFANO</subfield>
  </datafield>
  <datafield tag="210" ind1=" " ind2=" ">
    <subfield code="a">DIVUS THOMAS</subfield>
  </datafield>
  <datafield tag="222" ind1=" " ind2=" ">
    <subfield code="a">DIVUS THOMAS</subfield>
  </datafield>
  <datafield tag="245" ind1=" " ind2="0">
    <subfield code="a">DIVUS THOMAS. COMMENTARIUM DE PHILOSOPHIA ET THEOLOGIA. ANNO XXXIX. </subfield>
  </datafield>
  <datafield tag="250" ind1=" " ind2=" ">
    <subfield code="a">1a ed.</subfield>
  </datafield>
  <datafield tag="260" ind1=" " ind2=" ">
    <subfield code="a"> PIACENZA</subfield>
    <subfield code="b">COLLEGIO ALBERONI </subfield>
    <subfield code="c">1936 [1&#xB0; Ed.:1936 - Ed.Ling.Originale: 1936]</subfield>
  </datafield>
  <datafield tag="300" ind1=" " ind2=" ">
    <subfield code="a">608 p. </subfield>
  </datafield>
  <datafield tag="310" ind1=" " ind2=" ">
    <subfield code="a">TRIMESTRALE</subfield>
  </datafield>
  <datafield tag="362" ind1=" " ind2=" ">
    <subfield code="a">  (1936)</subfield>
  </datafield>
  <datafield tag="500" ind1=" " ind2=" ">
    <subfield code="a">COMMENTI DI FILOSOFIA E TEOLOGIA. INTRINSECA DEFORMAZIONE DELLA BUGIA. LA VITA ETERNA DI S. GIOVANNI. IL MASTRO PIETRO DI SPAGNA DOMENICANO? LAURENT H. M. SENSO DELLE PAROLE DI S. GIUSTINO NELLA PRIMA APOLOGIA. N. 67, BERAN J. DUPLICATO DELLA FORMA DELL'ASSOLUZIONE DI S. TOMMASO NEL CODICE LATERANENSE 14546 DELLA NAZIONALE DI PARIGI, CASTAGNOLI P. INDICI. DISSERTAZIONE. NOTE E DISPUTE. GIUDIZIO DELLE OPERE. NOTE BIBLIOGRAFICHE. ANNUNZIO COSE. SOMMARIO GIORNALI. ISCRIZIONI. AUTORI. </subfield>
  </datafield>
  <datafield tag="501" ind1=" " ind2=" ">
    <subfield code="a">Societ&#xE0; San Paolo EM - Piazza San Paolo, 14 - 12051 ALBA (CN)  (non commercial uses only) &#xAE; Copyright 2017</subfield>
  </datafield>
  <datafield tag="520" ind1=" " ind2=" ">
    <subfield code="a">COMMENTI DI FILOSOFIA E TEOLOGIA. INTRINSECA DEFORMAZIONE DELLA BUGIA. LA VITA ETERNA DI S. GIOVANNI. IL MASTRO PIETRO DI SPAGNA DOMENICANO? LAURENT H. M. SENSO DELLE PAROLE DI S. GIUSTINO NELLA PRIMA APOLOGIA. N. 67, BERAN J. DUPLICATO DELLA FORMA DELL'ASSOLUZIONE DI S. TOMMASO NEL CODICE LATERANENSE 14546 DELLA NAZIONALE DI PARIGI, CASTAGNOLI P. INDICI. DISSERTAZIONE. NOTE E DISPUTE. GIUDIZIO DELLE OPERE. NOTE BIBLIOGRAFICHE. ANNUNZIO COSE. SOMMARIO GIORNALI. ISCRIZIONI. AUTORI. </subfield>
  </datafield>
  <datafield tag="650" ind1=" " ind2=" ">
    <subfield code="a">TEOLOGIA - FILOSOFIA</subfield>
  </datafield>
  <datafield tag="942" ind1=" " ind2=" ">
    <subfield code="c">CR</subfield>
  </datafield>
  <datafield tag="957" ind1=" " ind2=" ">
    <subfield code="7">1</subfield>
  </datafield>
  <datafield tag="999" ind1=" " ind2=" ">
    <subfield code="a">61301</subfield>
    <subfield code="b">SI </subfield>
    <subfield code="g">1</subfield>
    <subfield code="c">328327</subfield>
    <subfield code="d">328327</subfield>
  </datafield>
  <datafield tag="952" ind1=" " ind2=" ">
    <subfield code="0">0</subfield>
    <subfield code="1">0</subfield>
    <subfield code="4">0</subfield>
    <subfield code="6">R_050R9734</subfield>
    <subfield code="7">1</subfield>
    <subfield code="a">ALBA</subfield>
    <subfield code="b">ALBA</subfield>
    <subfield code="d">2017-01-16</subfield>
    <subfield code="l">0</subfield>
    <subfield code="o">R050-R9734</subfield>
    <subfield code="r">2017-01-16 00:00:00</subfield>
    <subfield code="w">2017-01-16</subfield>
    <subfield code="y">CR</subfield>
    <subfield code="z">(data import: 16 gennaio 2017) - By Epidotti, Vaglietti. </subfield>
  </datafield>
</record>
